00662nam a22001937a 4500999001900000005001700019010001300036020002600049035001300075037001500088082000600103100001900109245005200128260004000180270005000220300002200270942002000292952015600312 c168262d16826220191023142239.0 aB-730468 a9789387230200c199.00 aB-730468 aDPLbPancy aN aDhawan, Nidhi  aYonder: how far must I run ! /bby Nidhi Dhawan aNew DelhibPigeon Books Indiac2019 a16, Ansari Road,Daryaganj,bNew Delhie110002 a199p.b20cm.(pbk) 2ddccCHhNmDHA 001040708FICaZLSbZLSd2019-10-01eGift/ Eng /26.09.2019g199.00l6m5oN DHApB-730468r2024-12-21 00:00:00s2024-11-21t1v199.00w2019-10-01yCH